Normal view
MARC view
- Llewellyn, Marilyn
Entry Nombre Personal
001 - NUMERO DE CONTROL
- campo de control: 47206
003 - IDENTIFICADOR DE NUMERO DE CONTROL
- campo de control: DLC
005 - FECHA Y HORA DE LA ÜLTIMA TRANSACCIÓN
- campo de control: 20221118085441.0
008 - DATOS DE LONGITUD FIJA
- campo de control de longitud fija: 221118n| acannaab| |n aaa |||
010 ## - NÚMERO DE CONTROL DE LA BIBLIOTECA DEL CONGRESO
- Número de control LC: n 96122588
040 ## - FUENTE DE CATALOGACIÓN
- Agencia original de catalogación: DLC
- Agencia de transcripción: DLC
- Lenguaje de catalogación: spa
- Agencia que lo modifica: MX-MxUPN
100 10 - ENCABEZAMIENTO - NOMBRE PERSONAL
- Nombre personal: Llewellyn, Marilyn
670 ## - FUENTE EN LA QUE SE LOCALIZARON DATOS
- Cita de la fuente: Dealing with differences, c1996:
- Información localizada: CIP portada (Marilyn Llewellyn)
902 ## - CATALOGADOR
- Catalogador: NDAF/181122
